| 000 | 00770nam a2200241Ia 4500 | ||
|---|---|---|---|
| 003 | GCL | ||
| 008 | 140319s9999 xx 000 0 ara d | ||
| 020 | _a0300303977 | ||
| 040 |
_aGCL / _cGCL |
||
| 082 | 0 | 4 |
_a214.30223 _bع ا |
| 100 | 1 | _aعبدالعزيز شرف | |
| 245 | 1 | 0 |
_aالاعلام الاسلامى وتكنولوجيا الاتصال / _cعبدالعزيز شرف |
| 260 |
_aالقاهرة : _bدار قباء للطباعة والنشر والتوزيع ، _c1998 |
||
| 300 |
_a245 ص ؛ _c18 سم |
||
| 490 | _a | ||
| 650 | 0 | 4 | _aالاسلام |
| 650 | 0 | 4 | _aالتليفزيون |
| 650 | 0 | 4 | _aالاتصالات |
| 650 | 0 | 4 | _aالتكنولوجيا |
| 650 | 0 | 4 | _aالاذاعة |
| 650 | 0 | 4 | _aالاعلام الاسلامى |
| 942 |
_2ddc _cBK |
||
| 999 |
_c7129 _d7129 |
||